Fine Arts - Auditory Fine Arts | 1 | 3 | 0 | 0 | 45 | 40 | 92.50 | 1 | 4 |
Beliefs | 0 | 3 | 0 | 0 | 30 | 69 | 95.67 | 1 | 3 |
Fine Arts - Visual Fine Arts | 0 | 3 | 1 | 1 | 25 | 80 | 104.67 | 0 | 3 |
Other Arts: Auditory | 1 | 1 | 0 | 0 | 25 | 81 | 89.00 | 0 | 2 |
History - American History | 1 | 0 | 0 | 0 | 15 | 60 | 60.00 | 0 | 1 |
Literature - European Literature | 0 | 1 | 0 | 0 | 10 | 94 | 94.00 | 1 | 1 |
Other Science: Math | 0 | 1 | 0 | 0 | 10 | 83 | 83.00 | 1 | 1 |
Social Science | 0 | 1 | 0 | 0 | 10 | 101 | 101.00 | 0 | 1 |
British and Commonwealth History | 0 | 1 | 0 | 0 | 10 | 116 | 116.00 | 0 | 1 |
Chemistry> | 0 | 1 | 0 | 0 | 10 | 108 | 108.00 | 0 | 1 |
History - European History | 0 | 1 | 0 | 1 | 10 | 130 | 130.00 | 0 | 1 |
Literature - American Literature | 1 | 0 | 1 | 0 | 10 | 71 | 71.00 | 1 | 1 |
Ancient History and Archaeology | 0 | 1 | 0 | 0 | 10 | 87 | 87.00 | 0 | 0 |
Philosophy | 0 | 1 | 2 | 0 | 0 | 110 | 110.00 | 0 | 1 |